[Event "Druzynowe Mistrzostwa Polski Niewidomyc"]
[Site "Wagrowiec"]
[Date "2016.??.??"]
[Round "1.1"]
[White "Barnowski, Sylwester"]
[Black "Walczak, Lucjan"]
[Result "0-1"]
[WhiteElo "1871"]
[BlackElo "1842"]
[PlyCount "92"]
[EventDate "2016.??.??"]

1. d4 Nf6 2. c4 g6 3. Nc3 d5 4. e3 Bg7 5. Bd2 O-O 6. Nf3 Bg4 7. h3 Be6 8. c5 c6
9. Bd3 h6 10. b4 b6 11. O-O Nbd7 12. Qc2 b5 13. a4 a6 14. Ra3 Qc8 15. Rfa1 Qb7
16. Qa2 Ne4 17. Nxe4 dxe4 18. Qc2 exd3 19. Qxd3 Bc4 20. Qc2 e5 21. Bc3 Rfe8 22.
a5 exd4 23. Nxd4 Nf8 24. Re1 Ne6 25. Nf3 Rad8 26. Bxg7 Nxg7 27. Nd2 Be6 28.
Raa1 Re7 29. Nf3 Qc7 30. Qc3 Red7 31. Qf6 Nh5 32. Qh4 Kg7 33. Nd4 Nf6 34. f3
Re8 35. Qf2 Bc4 36. Qb2 Rde7 37. Kf2 Qe5 38. Qc1 Bd5 39. Nc2 Nh5 40. e4 Qg3+
41. Kg1 Nf4 42. Qd2 Be6 43. Kh1 Rd7 44. Qc3+ Kh7 45. Ne3 Rd3 46. Qc1 Rxe3 0-1

[Event "Druzynowe Mistrzostwa Polski Niewidomyc"]
[Site "Wagrowiec"]
[Date "2016.??.??"]
[Round "1.2"]
[White "Krynicki, Henryk"]
[Black "Traczyk, Tadeusz"]
[Result "1/2-1/2"]
[WhiteElo "1749"]
[BlackElo "1857"]
[PlyCount "53"]
[EventDate "2016.??.??"]

1. e4 c5 2. Nf3 Nc6 3. d4 cxd4 4. Nxd4 Nf6 5. Nc3 e6 6. Ndb5 Bb4 7. a3 Bxc3+ 8.
Nxc3 d5 9. exd5 exd5 10. Bg5 d4 11. Qe2+ Be6 12. O-O-O O-O 13. Ne4 Bf5 14. Bxf6
gxf6 15. Qf3 Bxe4 16. Qxe4 Qa5 17. Bd3 Qh5 18. g4 Qh6+ 19. f4 Rfe8 20. Qf3 Re3
21. Qf2 Rae8 22. Kb1 Qh3 23. Bf1 Qf3 24. Qxf3 Rxf3 25. f5 Rf4 26. Rg1 Ne5 27.
Bb5 {(...45)} 1/2-1/2

[Event "Druzynowe Mistrzostwa Polski Niewidomyc"]
[Site "Wagrowiec"]
[Date "2016.??.??"]
[Round "1.3"]
[White "Filipiak, Rajmund"]
[Black "Cebula, Jozef"]
[Result "0-1"]
[WhiteElo "1561"]
[BlackElo "1723"]
[PlyCount "77"]
[EventDate "2016.??.??"]

1. c4 e5 2. Nc3 Nf6 3. g3 Bc5 4. Bg2 c6 5. Nf3 Qc7 6. d3 d6 7. O-O O-O 8. a3 a5
9. Bg5 Ne8 10. Qd2 f5 11. Be3 Bxe3 12. fxe3 Nd7 13. b4 axb4 14. axb4 Rxa1 15.
Rxa1 Nef6 16. Ng5 Nb6 17. Qa2 Kh8 18. c5 dxc5 19. bxc5 Nbd5 20. Nxd5 Nxd5 21.
Bxd5 cxd5 22. Qxd5 Qe7 23. Nf3 e4 24. Qe5 Qd7 25. Nd4 Re8 26. Qf4 h6 27. Rf1
exd3 28. exd3 Qe7 29. Re1 Qxc5 30. Nb3 Qc3 31. Rb1 Qxd3 32. Rb2 Rxe3 33. Rd2
Qxb3 34. Rd8+ Kh7 35. Rxc8 Qd1+ 36. Kg2 Re2+ 37. Kh3 Qd5 38. Qf1 Qe4 39. Qf4
0-1

[Event "Druzynowe Mistrzostwa Polski Niewidomyc"]
[Site "Wagrowiec"]
[Date "2016.??.??"]
[Round "1.5"]
[White "Sargalski, Andrzej"]
[Black "Zelajtys, Jozef"]
[Result "1-0"]
[WhiteElo "1831"]
[BlackElo "1706"]
[PlyCount "97"]
[EventDate "2016.??.??"]

1. e4 e6 2. d4 d5 3. Nd2 Nc6 4. Ngf3 Nf6 5. e5 Nd7 6. Bb5 Be7 7. c3 f6 8. O-O
O-O 9. Qe2 f5 10. c4 Nb6 11. c5 Nd7 12. a3 a6 13. Bd3 Qe8 14. b4 Nd8 15. Nb3 c6
16. a4 Nf7 17. Bd2 Bd8 18. b5 g5 19. h3 Kh8 20. Nh2 Rg8 21. g4 f4 22. Na5 Nf8
23. bxa6 Bxa5 24. Bxa5 bxa6 25. Rab1 Ng6 26. Rb6 Kg7 27. Rfb1 Nh4 28. Rb8 Rxb8
29. Rxb8 Qd7 30. Bxa6 Qa7 31. Rb6 Nd8 32. Bd2 Bd7 33. a5 Rf8 34. Nf3 Nxf3+ 35.
Qxf3 Be8 36. Qb3 Kg8 37. Bd3 Bf7 38. a6 h5 39. Rb8 hxg4 40. hxg4 Bg6 41. Bxg6
Qxa6 42. Qd3 Qa1+ 43. Kh2 Kg7 44. Bh5 Qa7 45. Qg6+ Kh8 46. Qh6+ Kg8 47. Qxg5+
Qg7 48. Qxg7+ Kxg7 49. Ba5 1-0

[Event "Druzynowe Mistrzostwa Polski Niewidomyc"]
[Site "Wagrowiec"]
[Date "2016.??.??"]
[Round "1.6"]
[White "Dziobek, Jerzy"]
[Black "Przewoznik, Emil"]
[Result "0-1"]
[WhiteElo "1750"]
[BlackElo "1808"]
[PlyCount "50"]
[EventDate "2016.??.??"]

1. d4 d5 2. Nf3 Nf6 3. Nbd2 c5 4. e3 e6 5. Be2 Nc6 6. O-O b6 7. b3 Bd6 8. c4
Bb7 9. Bb2 O-O 10. Qc2 Rc8 11. Rac1 Re8 12. Rfe1 cxd4 13. exd4 dxc4 14. bxc4
Bb8 15. Qb1 Re7 16. Bd3 Rd7 17. Ne4 Nxe4 18. Bxe4 f5 19. Bc2 Re7 20. Bd1 Na5
21. Ba3 Re8 22. c5 Be4 23. Qb2 Bd5 24. Ne5 Bxe5 25. Rxe5 Nc4 0-1

[Event "Druzynowe Mistrzostwa Polski Niewidomyc"]
[Site "Wagrowiec"]
[Date "2016.??.??"]
[Round "1.7"]
[White "Wyrzykowski, Jozef"]
[Black "Kulik, Roman"]
[Result "1-0"]
[WhiteElo "1655"]
[BlackElo "1743"]
[PlyCount "51"]
[EventDate "2016.??.??"]

1. c4 Nf6 2. Nc3 e6 3. d3 d5 4. cxd5 exd5 5. g3 c6 6. Bg2 Be7 7. Nf3 O-O 8. O-O
Nbd7 9. b3 Re8 10. Bb2 Nf8 11. Rc1 N6d7 12. a3 Bf6 13. b4 Nb6 14. Qc2 Bd7 15.
Rfe1 Rc8 16. Nd1 Bxb2 17. Qxb2 Rc7 18. Ne3 Bc8 19. Rc2 Rce7 20. Nd4 g6 21. Qb3
Ne6 22. Nxe6 Bxe6 23. Qb1 f5 24. b5 Bd7 25. bxc6 bxc6 26. Bf3 {Time} 1-0

[Event "Druzynowe Mistrzostwa Polski Niewidomyc"]
[Site "Wagrowiec"]
[Date "2016.??.??"]
[Round "1.9"]
[White "Pawelec, Bartosz"]
[Black "Suder, Ryszard"]
[Result "0-1"]
[WhiteElo "2092"]
[BlackElo "2153"]
[PlyCount "52"]
[EventDate "2016.??.??"]

1. d4 Nf6 2. Bg5 g6 3. h4 Bg7 4. Nd2 d5 5. e3 c5 6. c3 Qb6 7. b3 Nc6 8. Ngf3
Bg4 9. Be2 Rc8 10. Rc1 O-O 11. Ne5 Bxe2 12. Kxe2 Nxe5 13. dxe5 Nd7 14. Nf3 Qe6
15. h5 Nxe5 16. Rh4 f6 17. hxg6 Nxf3 18. Rxh7 fxg5 19. gxf3 Qxg6 20. Rh3 d4 21.
Rg3 dxc3 22. Qd5+ e6 23. Qxb7 Rcd8 24. Qa6 Rd2+ 25. Ke1 Rfd8 26. f4 Qe4 0-1

[Event "Druzynowe Mistrzostwa Polski Niewidomyc"]
[Site "Wagrowiec"]
[Date "2016.??.??"]
[Round "1.10"]
[White "Chojnowski, Marcin"]
[Black "Kowalczyk, Marian"]
[Result "1-0"]
[WhiteElo "2012"]
[BlackElo "1965"]
[PlyCount "98"]
[EventDate "2016.??.??"]

1. d4 d5 2. Nf3 Nf6 3. c4 e6 4. g3 c5 5. cxd5 exd5 6. Bg2 cxd4 7. O-O Nc6 8.
Nxd4 Bc5 9. Nb3 Be7 10. Nc3 Be6 11. Bf4 O-O 12. Rc1 Rc8 13. Nb5 Qb6 14. N5d4
Nxd4 15. Qxd4 Rc6 16. Be5 Rfc8 17. Qxb6 axb6 18. Bc3 Ne4 19. Bxe4 dxe4 20. Nd4
Rd6 21. Nxe6 Rxe6 22. e3 Rec6 23. Rcd1 f5 24. Rd7 R8c7 25. Rfd1 Bf6 26. Bxf6
gxf6 27. Rxc7 Rxc7 28. Rd6 Rc6 29. Rd8+ Kf7 30. Rd7+ Kg6 31. Rxb7 h6 32. Kg2
Kg5 33. b4 Kg6 34. a4 Rd6 35. b5 Re6 36. Kg1 Rd6 37. Kf1 Re6 38. Ke2 Kg5 39. h3
Kg6 40. Rc7 Re8 41. Rc6 Ra8 42. Rxb6 Rxa4 43. Kd2 Ra2+ 44. Kc3 Rxf2 45. Rb8 Rf3
46. Kd4 Kf7 47. b6 Rf1 48. b7 Rb1 49. Rh8 Kg7 1-0

[Event "Druzynowe Mistrzostwa Polski Niewidomyc"]
[Site "Wagrowiec"]
[Date "2016.??.??"]
[Round "1.11"]
[White "Wojcieszyn, Zdzislaw"]
[Black "Migala, Andrzej"]
[Result "0-1"]
[WhiteElo "1914"]
[BlackElo "2025"]
[PlyCount "68"]
[EventDate "2016.??.??"]

1. c4 c5 2. Nc3 Nc6 3. Nf3 e5 4. d3 d6 5. g3 g6 6. Bg2 Bg7 7. O-O Nge7 8. Bg5
h6 9. Bd2 O-O 10. a3 Be6 11. e4 Rb8 12. Rb1 a5 13. Nd5 b5 14. Nxe7+ Qxe7 15. b3
Qc7 16. h3 Kh7 17. Kh2 Rb7 18. Qc2 Rfb8 19. a4 bxc4 20. bxc4 Nb4 21. Bxb4 Rxb4
22. Nd2 Bd7 23. Rxb4 Rxb4 24. Ra1 Qb6 25. Bf3 h5 26. Ra2 Bh6 27. Bd1 Bxa4 28.
Qc1 Bxd1 29. Qxd1 Rb2 30. Rxb2 Qxb2 31. Nf1 Qxf2+ 32. Kh1 a4 33. g4 hxg4 34.
hxg4 a3 0-1

[Event "Druzynowe Mistrzostwa Polski Niewidomyc"]
[Site "Wagrowiec"]
[Date "2016.??.??"]
[Round "1.12"]
[White "Malcer, Joanna"]
[Black "Bojczewski, Rafal"]
[Result "0-1"]
[WhiteElo "1591"]
[BlackElo "1654"]
[PlyCount "80"]
[EventDate "2016.??.??"]

1. e4 e5 2. Nf3 Nc6 3. d4 exd4 4. Nxd4 Nf6 5. Nc3 Bb4 6. Qd3 O-O 7. Be2 d5 8.
exd5 Nxd5 9. Nxc6 bxc6 10. O-O Nxc3 11. bxc3 Qxd3 12. Bxd3 Bxc3 13. Rb1 Be6 14.
a4 Rab8 15. Bf4 Ba5 16. Be3 Bb6 17. Bd2 Rfd8 18. a5 Bd4 19. Bf4 Ba2 20. Bxc7
Bxb1 21. Bxd8 Bxc2 22. Bxc2 Rxd8 23. Rb1 g6 24. Rd1 c5 25. Kf1 Rd6 26. Bd3 Bc3
27. a6 Kg7 28. Be2 Rb6 29. Bd3 Rb2 30. Rb1 Rd2 31. Be2 Bd4 32. Rd1 Rc2 33. f3
Kf6 34. g3 Ke5 35. f4+ Kd5 36. Ke1 Kc6 37. Rb1 Be3 38. Kf1 c4 39. Rb7 c3 40.
Rxa7 Bxa7 0-1

[Event "Druzynowe Mistrzostwa Polski Niewidomyc"]
[Site "Wagrowiec"]
[Date "2016.??.??"]
[Round "1.13"]
[White "Hagner, Pawel"]
[Black "Zarow, Zdzislaw"]
[Result "1/2-1/2"]
[WhiteElo "1680"]
[BlackElo "1818"]
[PlyCount "135"]
[EventDate "2016.??.??"]

1. d4 Nf6 2. Nf3 d5 3. Bg5 Ne4 4. Bh4 c5 5. e3 Nc6 6. c3 Qb6 7. Qb3 c4 8. Qxb6
axb6 9. Nbd2 Nd6 10. Bg3 Bf5 11. Bxd6 exd6 12. Nh4 Be6 13. f4 Be7 14. Nhf3 Bf5
15. Be2 h6 16. O-O g5 17. fxg5 hxg5 18. Ne1 Bg6 19. Bf3 Ra5 20. b4 Ra3 21. Nb1
Bxb1 22. Rxb1 O-O 23. Rc1 Rxa2 24. Bxd5 b5 25. h3 Kg7 26. Rc2 Ra3 27. g4 f6 28.
Nf3 Bd8 29. Nd2 Bb6 30. Ne4 Bc7 31. Rcf2 Bd8 32. Nxg5 Re8 33. Ne6+ Rxe6 34.
Bxe6 Rxc3 35. g5 fxg5 36. Rf7+ Kg6 37. Rxb7 Rxe3 38. Bf5+ Kf6 39. Bd7+ Kg6 40.
Bxc6 Bf6 41. Rd1 c3 42. Bxb5 c2 43. Rc1 Bxd4 44. Kg2 Rc3 45. Be8+ Kf6 46. Ba4
Be5 47. Rxc2 Rg3+ 48. Kf1 Rxh3 49. Rf2+ Bf4 50. Be8 Rh1+ 51. Ke2 Rb1 52. b5
Rb2+ 53. Kf1 Rb1+ 54. Kg2 Rb3 55. Rf7+ Ke6 56. Re2+ Be5 57. Rf3 Rb4 58. Bf7+
Ke7 59. Rxe5+ dxe5 60. Rb3 Rg4+ 61. Kf3 Rf4+ 62. Kg3 Rxf7 63. b6 Rf8 64. Kg4
Kd6 65. Kxg5 e4 66. b7 Rb8 67. Kf4 Kd5 68. Ke3 1/2-1/2

[Event "Druzynowe Mistrzostwa Polski Niewidomyc"]
[Site "Wagrowiec"]
[Date "2016.??.??"]
[Round "1.14"]
[White "Ruszczycki, Jacek"]
[Black "Stankiewicz, Edward"]
[Result "1/2-1/2"]
[WhiteElo "1918"]
[BlackElo "1825"]
[PlyCount "57"]
[EventDate "2016.??.??"]

1. e4 d6 2. d4 g6 3. h4 Bg7 4. h5 Nf6 5. h6 Bf8 6. c3 Nxe4 7. Bd3 d5 8. Be3 Nd7
9. Qc2 Nef6 10. Nf3 e6 11. Nh4 Rg8 12. Nf3 Bd6 13. Bg5 Be7 14. Nbd2 c5 15.
O-O-O c4 16. Bf1 Ng4 17. Be3 Nxe3 18. fxe3 f5 19. g3 Nf6 20. Ne5 Bd7 21. Kb1
Qb6 22. Bg2 O-O-O 23. Ka1 Qb5 24. Rb1 Bd6 25. b3 cxb3 26. Rxb3 Qa6 27. Rhb1 b6
28. Nxd7 Nxd7 29. c4 1/2-1/2

[Event "Druzynowe Mistrzostwa Polski Niewidomyc"]
[Site "Wagrowiec"]
[Date "2016.??.??"]
[Round "1.15"]
[White "Wolanski, Michal"]
[Black "Szydlowski, Wiktor"]
[Result "1-0"]
[WhiteElo "1954"]
[BlackElo "1781"]
[PlyCount "139"]
[EventDate "2016.??.??"]

1. c4 e5 2. Nc3 Nc6 3. Nf3 a6 4. g3 d6 5. Bg2 Nf6 6. d4 Be7 7. O-O O-O 8. a3 h6
9. b4 exd4 10. Nxd4 Nxd4 11. Qxd4 Rb8 12. Bb2 Be6 13. Nd5 Bxd5 14. Bxd5 Ne8 15.
Qa7 Qc8 16. b5 Bf6 17. Rab1 Bxb2 18. Rxb2 axb5 19. cxb5 Nf6 20. Bf3 Nd7 21. Qd4
Qd8 22. a4 b6 23. Ra1 Qg5 24. h4 Qe5 25. Qxe5 Nxe5 26. Bd5 Nd7 27. Bc6 Ne5 28.
Bg2 Nd7 29. a5 bxa5 30. Rxa5 c5 31. Ra7 Nb6 32. Bc6 Rfd8 33. Rba2 c4 34. Kf1 d5
35. e3 d4 36. exd4 Rxd4 37. Ke2 Kf8 38. Rd2 Rbd8 39. Rc2 Rb8 40. Rc3 Nd5 41.
Rf3 Ne7 42. Bd7 Rd8 43. Bc6 Rd1 44. Rc3 R8d2+ 45. Kf3 Rd3+ 46. Rxd3 Rxd3+ 47.
Ke2 Rd8 48. Ra4 c3 49. Rc4 c2 50. Rxc2 Nc8 51. Rd2 Rxd2+ 52. Kxd2 Ke7 53. Kd3
Kd6 54. Kc4 Nb6+ 55. Kd4 f6 56. Ke4 Ke6 57. Kf4 f5 58. h5 Nc8 59. Bg2 Nb6 60.
Bb7 Kf6 61. Ke3 Ke5 62. Kd3 Kd6 63. Kd4 Nd7 64. Bc8 Nf6 65. Bxf5 Nxh5 66. Be4
Kc7 67. Ke5 Nf6 68. Kf5 h5 69. f3 Kd6 70. Kg6 1-0

[Event "Druzynowe Mistrzostwa Polski Niewidomyc"]
[Site "Wagrowiec"]
[Date "2016.??.??"]
[Round "1.16"]
[White "Mackowiak, Marek"]
[Black "Huzarski, Stanislaw"]
[Result "1/2-1/2"]
[WhiteElo "2165"]
[BlackElo "1806"]
[PlyCount "96"]
[EventDate "2016.??.??"]

1. c4 Nf6 2. Nc3 e6 3. Nf3 d5 4. e3 Bb4 5. Qa4+ Nc6 6. cxd5 exd5 7. Ne5 Bxc3 8.
bxc3 Bd7 9. Nxd7 Qxd7 10. Ba3 Ne7 11. Qb4 c6 12. Rb1 b6 13. Qa4 O-O 14. Bxe7
Qxe7 15. Qxc6 Rac8 16. Qa4 Rc5 17. Bd3 Ra5 18. Qc2 Rc8 19. O-O g6 20. h3 Ne4
21. Bxe4 Qxe4 22. Qxe4 dxe4 23. Rb2 Rc4 24. Rc1 Ra3 25. Rcc2 f5 26. Kf1 Kf7 27.
Rb4 Rc5 28. f3 Re5 29. Kf2 Kf6 30. h4 h5 31. Kg3 Rea5 32. fxe4 fxe4 33. Rxe4
Rxa2 34. Rxa2 Rxa2 35. Rd4 Ke5 36. Kf3 a5 37. Ke2 b5 38. g4 Rb2 39. gxh5 gxh5
40. Rd8 a4 41. Ra8 Kf5 42. c4 bxc4 43. Ra5+ Kg6 44. Rxa4 c3 45. Rd4 Kf5 46.
Rf4+ Ke5 47. Kd3 cxd2 48. Ke2 Ra2 1/2-1/2

[Event "Druzynowe Mistrzostwa Polski Niewidomyc"]
[Site "Wagrowiec"]
[Date "2016.??.??"]
[Round "1.17"]
[White "Staruch, Roman"]
[Black "Niecko, Stanislaw"]
[Result "1/2-1/2"]
[WhiteElo "1905"]
[BlackElo "1843"]
[PlyCount "60"]
[EventDate "2016.??.??"]

1. e4 d6 2. d4 Nf6 3. Nc3 c6 4. f4 Bg4 5. Be2 Bxe2 6. Qxe2 Qb6 7. Nf3 Nbd7 8.
e5 dxe5 9. fxe5 Nd5 10. e6 fxe6 11. Qxe6 Nxc3 12. bxc3 c5 13. Qe2 cxd4 14. cxd4
O-O-O 15. O-O e5 16. c3 Bd6 17. Be3 exd4 18. cxd4 Kb8 19. Rab1 Qc6 20. Rfc1 Qe4
21. Ng5 Qe7 22. Qf3 Nb6 23. Bd2 Rhf8 24. Qd1 Rde8 25. Nf3 Qe2 26. Qxe2 Rxe2 27.
Re1 Rfe8 28. Rxe2 Rxe2 29. Re1 Rxe1+ 30. Bxe1 Nc4 1/2-1/2

[Event "Druzynowe Mistrzostwa Polski Niewidomyc"]
[Site "Wagrowiec"]
[Date "2016.??.??"]
[Round "1.18"]
[White "Stolarczyk, Anna"]
[Black "Mettel, Werner"]
[Result "1-0"]
[WhiteElo "1990"]
[BlackElo "1804"]
[PlyCount "65"]
[EventDate "2016.??.??"]

1. d4 d5 2. c4 c6 3. Nf3 Nf6 4. Nc3 g6 5. Bf4 Bg7 6. cxd5 cxd5 7. e3 O-O 8. Rc1
Bg4 9. h3 Bxf3 10. Qxf3 Nc6 11. Bb5 Rc8 12. O-O a6 13. Ba4 b5 14. Bc2 Re8 15.
Rfd1 e6 16. Bb1 Na5 17. b3 Nb7 18. Be5 Nh5 19. Bxg7 Nxg7 20. e4 dxe4 21. Nxe4
f5 22. Rxc8 Qxc8 23. Nf6+ Kf7 24. Nxe8 Nxe8 25. Qe3 Nbd6 26. d5 exd5 27. Rxd5
Qc6 28. Re5 Qd7 29. Bd3 Nf6 30. Rc5 Nfe4 31. Bxe4 Nxe4 32. Rc1 h5 33. Qb6 1-0

[Event "Druzynowe Mistrzostwa Polski Niewidomyc"]
[Site "Wagrowiec"]
[Date "2016.??.??"]
[Round "2.1"]
[White "Walczak, Lucjan"]
[Black "Huzarski, Stanislaw"]
[Result "1-0"]
[WhiteElo "1842"]
[BlackElo "1806"]
[PlyCount "105"]
[EventDate "2016.??.??"]

1. e4 e6 2. d3 c5 3. Nc3 Nc6 4. g3 d5 5. exd5 exd5 6. Bg2 Nf6 7. Bg5 Be6 8.
Nge2 Be7 9. Nf4 O-O 10. O-O d4 11. Bxf6 Bxf6 12. Ne4 Be7 13. Nxe6 fxe6 14. Qg4
Rf5 15. Qe2 Qf8 16. Bh3 Re8 17. Qd1 Ne5 18. f4 Ng6 19. Bxf5 exf5 20. Nd2 b5 21.
a4 b4 22. Nc4 Bf6 23. Qf3 Ne7 24. Rfe1 Rd8 25. Re2 Nd5 26. Kh1 g5 27. Rae1 g4
28. Qg2 h5 29. h4 b3 30. cxb3 Nb4 31. Rd2 Re8 32. Rde2 Rd8 33. Rd1 Re8 34. Ne5
Bxe5 35. Rxe5 Rxe5 36. fxe5 Qe7 37. Qa8+ Kg7 38. Qb8 f4 39. Qd6 Kf7 40. Qxe7+
Kxe7 41. gxf4 Ke6 42. Kg2 Nd5 43. Kg3 Ne3 44. Rc1 Kd5 45. Kf2 a5 46. Re1 Nf5
47. e6 Kd6 48. Re5 g3+ 49. Kg1 Ne7 50. Kg2 Ng6 51. Kxg3 Nxe5 52. fxe5+ Kxe6 53.
Kf4 1-0

[Event "Druzynowe Mistrzostwa Polski Niewidomyc"]
[Site "Wagrowiec"]
[Date "2016.??.??"]
[Round "2.2"]
[White "Staruch, Roman"]
[Black "Krynicki, Henryk"]
[Result "1-0"]
[WhiteElo "1905"]
[BlackElo "1749"]
[PlyCount "73"]
[EventDate "2016.??.??"]

1. e4 c5 2. Nf3 a6 3. c3 d5 4. e5 Bg4 5. Be2 Nc6 6. d4 Bxf3 7. Bxf3 e6 8. Be3
Qb6 9. Qb3 Qxb3 10. axb3 cxd4 11. cxd4 Bb4+ 12. Nc3 Nge7 13. Ke2 Na5 14. Na2
Nac6 15. Nxb4 Nxb4 16. Rhc1 Kd7 17. g4 Rhc8 18. Kd2 Nbc6 19. Be2 Rc7 20. Bd3 g6
21. h4 Rb8 22. h5 Rbc8 23. Rc3 Nb4 24. Be2 Nbc6 25. Bd3 Na7 26. Rac1 Nb5 27.
Bxb5+ axb5 28. hxg6 hxg6 29. Rh1 b4 30. Rxc7+ Rxc7 31. Rh7 Ke8 32. Rh8+ Kd7 33.
Rf8 Rc8 34. Rxf7 Rg8 35. Bg5 Re8 36. Rg7 b5 37. Bxe7 1-0

[Event "Druzynowe Mistrzostwa Polski Niewidomyc"]
[Site "Wagrowiec"]
[Date "2016.??.??"]
[Round "2.3"]
[White "Cebula, Jozef"]
[Black "Myszka, Zygmunt"]
[Result "1/2-1/2"]
[WhiteElo "1723"]
[BlackElo "1848"]
[PlyCount "65"]
[EventDate "2016.??.??"]

1. d4 d5 2. Nf3 c6 3. Nc3 Nf6 4. Bg5 Nbd7 5. e3 Ne4 6. Nxe4 dxe4 7. Nd2 h6 8.
Bf4 Nf6 9. h3 Bf5 10. Nc4 e6 11. c3 Be7 12. Ne5 O-O 13. g4 Bh7 14. g5 hxg5 15.
Bxg5 Nd5 16. Bxe7 Nxe7 17. Rg1 Bf5 18. Qh5 Ng6 19. Nxg6 Bxg6 20. Qe5 Qb8 21.
Qg5 Qd8 22. h4 Qxg5 23. Rxg5 Bf5 24. Bc4 Rfe8 25. O-O-O Kf8 26. Rdg1 g6 27. h5
gxh5 28. Rxh5 Ke7 29. Rg7 Rg8 30. Rhg5 Rxg7 31. Rxg7 Kf6 32. Rg3 Rh8 33. Rg2
1/2-1/2

[Event "Druzynowe Mistrzostwa Polski Niewidomyc"]
[Site "Wagrowiec"]
[Date "2016.??.??"]
[Round "2.5"]
[White "Zarow, Zdzislaw"]
[Black "Mackowiak, Marek"]
[Result "0-1"]
[WhiteElo "1818"]
[BlackElo "2165"]
[PlyCount "42"]
[EventDate "2016.??.??"]

1. e4 e5 2. Nf3 Nc6 3. Bc4 Bc5 4. c3 Nf6 5. b4 Bb6 6. d3 d6 7. Bg5 h6 8. Bh4
Qe7 9. Nbd2 Be6 10. a4 a5 11. b5 Nd8 12. Qb3 g5 13. Bg3 Nh5 14. d4 Nxg3 15.
hxg3 exd4 16. Nxd4 Qf6 17. O-O h5 18. Bxe6 fxe6 19. Ne2 g4 20. Nc4 Bc5 21. Rad1
h4 0-1

[Event "Druzynowe Mistrzostwa Polski Niewidomyc"]
[Site "Wagrowiec"]
[Date "2016.??.??"]
[Round "2.6"]
[White "Niecko, Stanislaw"]
[Black "Ruszczycki, Jacek"]
[Result "1-0"]
[WhiteElo "1843"]
[BlackElo "1918"]
[PlyCount "61"]
[EventDate "2016.??.??"]

1. Nf3 d5 2. g3 f5 3. d4 Nf6 4. Bg2 e6 5. c4 c6 6. O-O Nbd7 7. b3 Bd6 8. Ba3
Qe7 9. Bxd6 Qxd6 10. e3 O-O 11. Nbd2 b6 12. Rc1 Ba6 13. Re1 Rfc8 14. Rc2 Rc7
15. Qb1 c5 16. Qb2 Rac8 17. Ne5 b5 18. cxd5 Nxd5 19. Nxd7 Qxd7 20. dxc5 Rxc5
21. Rxc5 Rxc5 22. b4 Rc8 23. e4 Ne7 24. exf5 exf5 25. Nb3 Ng6 26. Nc5 Qd6 27.
Qb3+ Kf8 28. Ne6+ Ke7 29. Ng5+ Ne5 30. Qf7+ Kd8 31. Ne6+ 1-0

[Event "Druzynowe Mistrzostwa Polski Niewidomyc"]
[Site "Wagrowiec"]
[Date "2016.??.??"]
[Round "2.7"]
[White "Szydlowski, Wiktor"]
[Black "Stolarczyk, Anna"]
[Result "1/2-1/2"]
[WhiteElo "1781"]
[BlackElo "1990"]
[PlyCount "107"]
[EventDate "2016.??.??"]

1. e4 c5 2. Nf3 d6 3. g3 Nc6 4. Bg2 g6 5. O-O Bg7 6. d3 Nf6 7. Nc3 O-O 8. h3
Bd7 9. Rb1 e6 10. Bf4 e5 11. Bg5 Be6 12. Nd5 Bxd5 13. exd5 Nb4 14. Nh2 h6 15.
Bxf6 Qxf6 16. c3 Na6 17. Qd2 b5 18. Ng4 Qg5 19. f4 exf4 20. Qxf4 f5 21. Ne3 Be5
22. Qxg5 hxg5 23. g4 Bf4 24. Nc2 Rae8 25. Rbe1 Nc7 26. Rxe8 Rxe8 27. Re1 Kf7
28. Rxe8 Nxe8 29. Kf2 Nf6 30. Bf3 Nd7 31. d4 Bc1 32. dxc5 dxc5 33. b3 Ne5 34.
Be2 a6 35. c4 bxc4 36. bxc4 Kf6 37. Ne1 fxg4 38. hxg4 Bd2 39. Nf3 Nxf3 40. Kxf3
Ke5 41. Bd3 Bf4 42. Ke2 Kd4 43. Bxg6 Kxc4 44. d6 Bxd6 45. Bd3+ Kc3 46. Bxa6 Bf4
47. a4 Kb4 48. Kd3 Kxa4 49. Kc4 Ka5 50. Bc8 Kb6 51. Bf5 Kc6 52. Be4+ Kd6 53.
Bh7 Be3 54. Bc2 1/2-1/2

[Event "Druzynowe Mistrzostwa Polski Niewidomyc"]
[Site "Wagrowiec"]
[Date "2016.??.??"]
[Round "2.8"]
[White "Chojnowski, Marcin"]
[Black "Hagner, Pawel"]
[Result "1-0"]
[WhiteElo "2012"]
[BlackElo "1680"]
[PlyCount "91"]
[EventDate "2016.??.??"]

1. d4 Nf6 2. c4 g6 3. Nc3 Bg7 4. e4 d6 5. Be2 O-O 6. Bg5 Nc6 7. d5 Nb8 8. Qd2
Nbd7 9. h4 Nc5 10. f3 a5 11. Bh6 e6 12. h5 Qe7 13. O-O-O exd5 14. cxd5 Bd7 15.
g4 b5 16. Bxg7 Kxg7 17. g5 Nxh5 18. Bxb5 Bxb5 19. Nxb5 Rfb8 20. Nd4 Rb6 21.
Rxh5 Qe8 22. Rh2 Qa4 23. Qc3 Kg8 24. b3 Qa3+ 25. Qb2 Qxb2+ 26. Rxb2 Rab8 27.
Nc6 Ra8 28. Ne2 Rba6 29. Nc3 a4 30. b4 a3 31. Rb1 Na4 32. Nxa4 Rxa4 33. Rb3 Re8
34. Rd4 Kg7 35. f4 f5 36. gxf6+ Kxf6 37. Rh3 Kg7 38. e5 Ra6 39. e6 h5 40. f5
Kf6 41. fxg6 Kxg6 42. Rf4 Kg5 43. Rf7 Rb6 44. Rg3+ Kh4 45. Rg6 Rb7 46. Rf1 1-0

[Event "Druzynowe Mistrzostwa Polski Niewidomyc"]
[Site "Wagrowiec"]
[Date "2016.??.??"]
[Round "2.9"]
[White "Stankiewicz, Edward"]
[Black "Zoltek, Tadeusz"]
[Result "1/2-1/2"]
[WhiteElo "1825"]
[BlackElo "2149"]
[PlyCount "74"]
[EventDate "2016.??.??"]

1. d4 Nf6 2. c4 e6 3. Nf3 Bb4+ 4. Bd2 Qe7 5. a3 Bxd2+ 6. Nbxd2 d6 7. e4 e5 8.
d5 O-O 9. Be2 Ne8 10. O-O f5 11. b4 a5 12. Qc2 f4 13. c5 Na6 14. Bxa6 Rxa6 15.
b5 Ra8 16. Rfc1 Bg4 17. Rab1 Bxf3 18. Nxf3 g5 19. b6 g4 20. Ne1 cxb6 21. Rxb6
Rc8 22. c6 bxc6 23. dxc6 Rc7 24. Rcb1 Ng7 25. Rb8 Ne6 26. Qc4 Kg7 27. Rxf8 Nxf8
28. Qd5 Ne6 29. Rb8 Nd8 30. f3 g3 31. h3 Rxc6 32. Qxa5 Rc1 33. Ra8 Nb7 34. Qd2
Qc7 35. Kf1 Qc4+ 36. Qe2 Qc5 37. Qd2 Qc4+ 1/2-1/2

[Event "Druzynowe Mistrzostwa Polski Niewidomyc"]
[Site "Wagrowiec"]
[Date "2016.??.??"]
[Round "2.10"]
[White "Migala, Andrzej"]
[Black "Wolanski, Michal"]
[Result "1-0"]
[WhiteElo "2025"]
[BlackElo "1954"]
[PlyCount "63"]
[EventDate "2016.??.??"]

1. e4 c5 2. Nf3 Nc6 3. Nc3 g6 4. d4 cxd4 5. Nxd4 Bg7 6. Nde2 Nf6 7. g3 O-O 8.
Bg2 Rb8 9. a4 d6 10. O-O a6 11. h3 Bd7 12. Nd5 Ne5 13. Ra2 b5 14. axb5 Nxd5 15.
exd5 Bxb5 16. b3 a5 17. c4 Nxc4 18. bxc4 Bxc4 19. Ra3 Bb2 20. Re3 Qc7 21. Re1
Be5 22. Nd4 Bb5 23. Bb2 Bf6 24. Qa1 Bd7 25. R3e2 Qb6 26. Bc3 Rfc8 27. Nc6 Bxc3
28. Qxc3 Bxc6 29. dxc6 a4 30. Rxe7 Qb3 31. Qxb3 axb3 32. c7 1-0

[Event "Druzynowe Mistrzostwa Polski Niewidomyc"]
[Site "Wagrowiec"]
[Date "2016.??.??"]
[Round "2.11"]
[White "Zelajtys, Jozef"]
[Black "Pawelec, Bartosz"]
[Result "0-1"]
[WhiteElo "1706"]
[BlackElo "2092"]
[PlyCount "89"]
[EventDate "2016.??.??"]

1. e4 c6 2. d4 d5 3. Nd2 dxe4 4. Nxe4 Nf6 5. Nxf6+ exf6 6. Nf3 Bd6 7. Bd3 O-O
8. h3 Re8+ 9. Be3 Bf4 10. Qd2 Qe7 11. Ke2 f5 12. Rhe1 Bd6 13. Kf1 Qc7 14. Bf4
Rd8 15. Bxd6 Qxd6 16. Re2 Be6 17. Rae1 Nd7 18. c4 Nf6 19. Qc2 g6 20. b3 Nh5 21.
c5 Qf4 22. Bc4 Ng7 23. Re5 Rd7 24. R1e3 Rad8 25. g3 Qh6 26. h4 f4 27. Bxe6 Nxe6
28. R3e4 fxg3 29. fxg3 Qf8 30. Qc4 Qe7 31. Kg2 Qf8 32. h5 Rd5 33. hxg6 hxg6 34.
Rh4 Qg7 35. Qe2 Rxe5 36. dxe5 Rd5 37. b4 a6 38. Qe3 Kf8 39. Re4 Qh8 40. Nh4 Qh5
41. Qe2 Qg5 42. Nf3 Qc1 43. Re3 Ng5 44. Rd3 Nxf3 45. Kxf3 {(...72)} 0-1

[Event "Druzynowe Mistrzostwa Polski Niewidomyc"]
[Site "Wagrowiec"]
[Date "2016.??.??"]
[Round "2.12"]
[White "Kowalczyk, Marian"]
[Black "Dziobek, Jerzy"]
[Result "1-0"]
[WhiteElo "1965"]
[BlackElo "1750"]
[PlyCount "67"]
[EventDate "2016.??.??"]

1. e4 c5 2. Nf3 d6 3. d4 cxd4 4. Nxd4 Nc6 5. Nc3 a6 6. Bc4 e6 7. Be3 Nf6 8. Qe2
Bd7 9. f3 Be7 10. O-O-O Qc7 11. Bb3 b5 12. g4 b4 13. Nb1 Na5 14. g5 Nxb3+ 15.
axb3 Nh5 16. f4 g6 17. Nd2 e5 18. fxe5 dxe5 19. N4f3 Ng7 20. Nc4 Bb5 21. Rd5
Bxc4 22. Qxc4 Qxc4 23. bxc4 f6 24. gxf6 Bxf6 25. Nxe5 O-O 26. Ng4 Rae8 27. Bc5
Be7 28. e5 Bxc5 29. Rxc5 Ne6 30. Ra5 Re7 31. Rxa6 Nc5 32. Ra5 Ne4 33. Re1 Rf4
34. Rxe4 1-0